Nghiên cứu đặc điểm sinh học, sinh thái học và đề xuất biện pháp phòng trừ hiệu quả loài rệp sáp Ferrisia virgata (Cockerell, 1983) tại xã IaBlứ, huyện Chư Pưh, tỉnh Gia Lai
Nghiên cứu đặc điểm sinh học của loài rệp sáp Ferrisia virgata (Cockerell, 1983). Nghiên cứu đặc điểm sinh thái học của Ferrisia virgata (Cockerell, 1983). Tìm hiểu thực trạng phòng trừ rệp sáp hại cây tiêu ở địa bàn nghiên cứu và đề xuất các biện pháp phòng trừ loài Ferrisia virgate (Cockerell, 198...
محفوظ في:
| المؤلف الرئيسي: | |
|---|---|
| مؤلفون آخرون: | |
| التنسيق: | كتاب |
| اللغة: | Vietnamese |
| منشور في: |
Đà Nẵng
Đại học Đà Nẵng
2013
|
| الموضوعات: | |
| الوسوم: |
إضافة وسم
لا توجد وسوم, كن أول من يضع وسما على هذه التسجيلة!
|
| Thư viện lưu trữ: | Mạng thư viện Đại học Đà Nẵng |
|---|
| LEADER | 02028nam a2200337 4500 | ||
|---|---|---|---|
| 001 | 000019196 | ||
| 003 | 15631 | ||
| 005 | 20140331140358.0 | ||
| 008 | 140331s2013 viesd | ||
| 041 | |a vie | ||
| 082 | 1 | 4 | |a 595.71 |b LÊ-T |
| 100 | |a Lê Thị Hồng Trang | ||
| 245 | |a Nghiên cứu đặc điểm sinh học, sinh thái học và đề xuất biện pháp phòng trừ hiệu quả loài rệp sáp Ferrisia virgata (Cockerell, 1983) tại xã IaBlứ, huyện Chư Pưh, tỉnh Gia Lai |c Lê Thị Hồng Trang ; Lê Trọng Sơn hướng dẫn. |k Luận văn Thạc sĩ | ||
| 260 | |a Đà Nẵng |b Đại học Đà Nẵng |c 2013 | ||
| 300 | |a 81 tr., phụ lục 8 tr. |b Hình mh. |c 29 cm. |e Tóm tắt | ||
| 500 | |a Luận văn thạc sĩ Khoa học. Chuyên ngành : Sinh Thái học. Mã số: 60.42.60. | ||
| 520 | |a Nghiên cứu đặc điểm sinh học của loài rệp sáp Ferrisia virgata (Cockerell, 1983). Nghiên cứu đặc điểm sinh thái học của Ferrisia virgata (Cockerell, 1983). Tìm hiểu thực trạng phòng trừ rệp sáp hại cây tiêu ở địa bàn nghiên cứu và đề xuất các biện pháp phòng trừ loài Ferrisia virgate (Cockerell, 1983) theo hướng nâng cao hiệu quả và bảo vệ môi trường sinh thái vùng trồng tiêu. | ||
| 650 | 0 | 4 | |a Rệp sáp Ferrisia virgata |v Luận văn tốt nghiệp |x Nghiên cứu |x Sinh thái học |z Gia Lai |
| 653 | |a Sinh thái học | ||
| 653 | |a Rệp sáp Ferrisia virgata | ||
| 700 | |a Lê Trọng Sơn |c TS. |e Hướng dẫn | ||
| OWN | |a LSP | ||
| AVA | |a UDN50 |b LSP |d 595.71 LÊ-T |e available |t Error 5001 Not defined in file expand_doc_bib_avail. |f 1 |g 0 |h N |i 0 |k 1 | ||
| 999 | |a From the UDN01 | ||
| AVA | |a UDN50 |b LSP |d 595.71 LÊ-T |e available |t Error 5001 Not defined in file expand_doc_bib_avail. |f 1 |g 0 |h N |i 0 |k 1 | ||
| TYP | |a Monograph | ||
| TYP | |a Printed language | ||
| 980 | |a Mạng thư viện Đại học Đà Nẵng | ||